| Tag |
First Indicator |
Second Indicator |
Subfields |
| LEADER |
00000cam a2200000 i 4500 |
| 001 |
in00000009234 |
| 005 |
20151007051515.0 |
| 008 |
801118s1964 dr a b u00010 eng d |
| 035 |
|
|
|a (OCoLC)06950521
|
| 035 |
|
|
|9 AAA3314AM
|
| 040 |
|
|
|a NDD
|c NDD
|d m/c
|d TXA
|d UtOrBLW
|
| 049 |
|
|
|a TXAM
|c [A12579957]
|
| 050 |
|
4 |
|a HD1333.D65
|b R66 1964
|
| 100 |
1 |
|
|a Rogers, Gifford E.
|
| 245 |
1 |
0 |
|a Agrarian reform defined and analyzed :
|b (with emphasis on the Dominican Republic) /
|c by Gifford E. Rogers.
|
| 264 |
|
1 |
|a Santo Domingo, Dominican Republic :
|b [International Development Services],
|c 1964.
|
| 300 |
|
|
|a 154 leaves :
|b diagrams (1 folded) ;
|c 30 cm.
|
| 336 |
|
|
|a text
|b txt
|2 rdacontent
|
| 337 |
|
|
|a unmediated
|b n
|2 rdamedia
|
| 338 |
|
|
|a volume
|b nc
|2 rdacarrier
|
| 504 |
|
|
|a Includes bibliographical references.
|
| 650 |
|
0 |
|a Land reform
|z Dominican Republic.
|
| 650 |
|
0 |
|a Land reform.
|
| 999 |
|
|
|a MARS
|
| 999 |
f |
f |
|s fb5b8c82-f4e3-3e7a-a194-656df29f4d10
|i 62105e4b-ad1e-3168-9a60-0806ce565d6c
|t 0
|
| 952 |
f |
f |
|p ric
|a Texas A&M University
|b Rellis Campus
|c Joint Library Facility
|d Remote Storage
|t 0
|e HD1333.D65 R66 1964
|h Library of Congress classification
|i unmediated -- volume
|m A14812579957
|
| 998 |
f |
f |
|a HD1333.D65 R66 1964
|t 0
|l Remote Storage
|